| 000 | 00832nam a22002777a 4500 | ||
|---|---|---|---|
| 942 | _cBK | ||
| 999 |
_c729 _d729 |
||
| 005 | 20250420134822.0 | ||
| 008 | 211111b ||||| |||| 00| 0 eng d | ||
| 020 | _a9780393680393 | ||
| 040 | _cKCST | ||
| 082 |
_a571.6 _bAl Es |
||
| 100 |
_a Alberts, Bruce; _95456 |
||
| 245 |
_aEssential cell biology / _cBruce Alberts; Karen Hopkin; Alexander Johnson; David Morgan; Martin Raff; Keith Roberts; Peter Walter |
||
| 260 |
_aNew York: _bNorton; _c2019. |
||
| 300 | _a734 p. | ||
| 650 |
_aCytology. _95457 |
||
| 650 |
_aMolecular biology. _91412 |
||
| 650 |
_aBiochemistry. _95458 |
||
| 700 |
_aHopkin, Karen _95459 |
||
| 700 |
_aJohnson, Alexander _95460 |
||
| 700 |
_aMorgan, David _95461 |
||
| 700 |
_aRaff, Martin _95462 |
||
| 700 |
_aRoberts, Keith _95463 |
||
| 700 |
_aWalter, Peter _95464 |
||
| 942 | _2ddc | ||